Používanie srážkových údajov v praxi /

Hlavní autor: Gavenčiak, Štefan
Korporativní autor: Výskumný ústav vodného hospodárstva (Bratislava, Slovensko)
Jazyk: Slovenština
Vydáno: Bratislava : Alfa, 1971
Vydání: 1. vydanie
Edice: Veda a výskum praxi
Témata:
Fyzický popis: 36 stran
Knihy
Uloženo v:
LEADER 01399nam a22003972i 4500
001 000142495
003 CZ BrMZK
005 20180110102246.0
007 ta
008 950101s1971 xo f slo d
040 |a BOA001  |b cze  |e rda 
072 7 |a 551  |x Geologie. Meteorologie. Klimatologie  |2 Konspekt  |9 7 
080 |a 551.577/.578  |2 MRF 
080 |a 551.501  |2 MRF 
080 |a (072)  |2 MRF 
100 1 |a Gavenčiak, Štefan  |7 jx20050502006  |4 aut 
245 1 0 |a Používanie srážkových údajov v praxi /  |c Štefan Gavenčiak 
250 |a 1. vydanie 
264 1 |a Bratislava :  |b Alfa,  |c 1971 
300 |a 36 stran 
336 |a text  |b txt  |2 rdacontent 
337 |a bez média  |b n  |2 rdamedia 
338 |a svazek  |b nc  |2 rdacarrier 
490 1 |a Veda a výskum praxi ;  |v č. 34 
504 |a Obsahuje bibliografii 
550 |a Vydavatel: Výskumný ústav vodného hospodárstva 
650 0 7 |a vodní srážky  |7 ph136881  |2 czenas 
650 0 7 |a meteorologická měření  |7 ph162494  |2 czenas 
650 0 7 |a meteorologie  |7 ph115269  |2 czenas 
655 7 |a metodické příručky  |7 fd132826  |2 czenas 
710 2 |a Výskumný ústav vodného hospodárstva (Bratislava, Slovensko)  |7 nlk20040147370  |4 isb 
830 0 |a Veda a výskum praxi 
910 |a BOA001  |b X-0665.791 
990 |a BK 
991 |b 201709 
996 7 |b 2619955859  |c X-0665.791  |l MZK  |r Sklad / do 24 hodin  |n 1  |w 000142495  |u 000010  |a 1  |e BOA001  |j MZK50  |s A